| 000 | 00640nam a22002177a 4500 | ||
|---|---|---|---|
| 005 | 20150512152433.0 | ||
| 010 | _aBAC-EN21 ENG-111651 | ||
| 020 |
_a9789380816111 _c295.00 |
||
| 035 | _aEN-95183 | ||
| 035 | _aB-579201-229 | ||
| 037 |
_bKBD/Ven _adpl |
||
| 037 | _bDBAD/PUB | ||
| 082 | _aS | ||
| 100 | _aLondon, Jack | ||
| 245 |
_aSelected short stories / _cby Jack London |
||
| 260 |
_aNoida _bMaple Press _c2014(repr.) |
||
| 270 |
_aA-63, Sector-58, _bNoida _e201301 |
||
| 300 |
_a544p. _c22cm(pbk) |
||
| 942 |
_2ddc _cEN _mLON _hS |
||
| 999 |
_c89468 _d89468 |
||